Zhodnotenie zmien vo vykazovaní poisťovní po implementácii IFRS 17 diplomová práca

Enregistré dans:
Détails bibliographiques
Auteur principal: Pellerová, Katarína
Collectivité auteur: Fakulta hospodárskej informatiky EU. Katedra účtovníctva a audítorstva
Autres auteurs: Meluchová, Jitka, 1965-
Format: Livre
Langue:slovaque
Publié: Bratislava 2025
Tags: Ajouter un tag
Pas de tags, Soyez le premier à ajouter un tag!

MARC

LEADER 00000nbm a2200000 4500
001 0310577
005 20251208124300.8
041 0 |a slo 
044 |a SK 
245 1 0 |a Zhodnotenie zmien vo vykazovaní poisťovní po implementácii IFRS 17  |b diplomová práca  |c Katarína Pellerová ; školiteľ: Jitka Meluchová 
264 1 |a Bratislava  |c 2025 
300 |a 85 s. 
100 1 |a Pellerová, Katarína 
700 1 |a Meluchová, Jitka, 1965- 
710 2 |a Fakulta hospodárskej informatiky EU. Katedra účtovníctva a audítorstva